000 00801nam a2200217Ii 4500
003 JO-AjNU
008 230605s9999||||xx |||||||||||||| ||und||
017 _a2001/6/1263
040 _aJO-AjNU
_bara
_erda
_cJO-AjNU
041 _aara
050 1 4 _aPJ7585.S5238 2001
100 3 _aشرايحة، هيفاء,
_eauthor
_945300
245 0 0 _aكتابة التاريخ للأطفال في البلاد العربية: واقعها وإتجاهاتها وتطويرها
250 _aط1
264 3 1 _aعمان:الأمانة،2001
300 _a108ص
336 _atext
_btxt
_2rdacontent
337 _aunmediated
_bn
_2rdamedia
338 _avolume
_bnc
_2rdacarrier
650 4 _aالتاريخ - دراسة وتعليم (ابتدائي) - البلاد العربية - أدب الأطفال
_945301
999 _aA19626
_c23194
_d23194